Residential lighting : a practical guide

Bibliographic Details
Main Author: Whitehead, Randall (Author)
Format: Book
Language:English
Published: Hoboken, NJ : John Wiley , c2004
Subjects:

MARC

LEADER 00000cam a2200000 7i4500
001 0000007635
005 20070321093000.0
008 061008 nju eng
020 |a 0471450553 
090 0 0 |a TH7975.D8   |b W49 2004 
100 1 |a Whitehead, Randall ,   |e author 
245 1 0 |a Residential lighting :   |b a practical guide   |c Randall Whitehead 
260 2 |a Hoboken, NJ :   |b John Wiley ,   |c c2004 
300 |a vi, 247 p. :   |b ill. (some col.) ;   |c 29 cm. 
504 |a Includes bibliographical references and index 
650 0 |a Dwellings   |x Lighting 
999 |a 1000105723   |b Book   |c OPEN SHELF (30 DAYS)   |e Gong Badak Campus